<?xml version="1.0" encoding="UTF-8"?>
<record
    xmlns:xsi="http://www.w3.org/2001/XMLSchema-instance"
    xsi:schemaLocation="http://www.loc.gov/MARC21/slim http://www.loc.gov/standards/marcxml/schema/MARC21slim.xsd"
    xmlns="http://www.loc.gov/MARC21/slim">

  <leader>00526nam a22001697a 4500</leader>
  <datafield tag="952" ind1=" " ind2=" ">
    <subfield code="0">0</subfield>
    <subfield code="1">0</subfield>
    <subfield code="2">ddc</subfield>
    <subfield code="4">0</subfield>
    <subfield code="7">0</subfield>
    <subfield code="8">NFIC</subfield>
    <subfield code="a">ASL</subfield>
    <subfield code="b">ASL</subfield>
    <subfield code="c">GEN</subfield>
    <subfield code="d">2021-10-18</subfield>
    <subfield code="e">ASB Library Collection</subfield>
    <subfield code="h">U-0356</subfield>
    <subfield code="l">0</subfield>
    <subfield code="o">297.3 BAT</subfield>
    <subfield code="p">112796</subfield>
    <subfield code="r">2021-10-18 00:00:00</subfield>
    <subfield code="t">C-1</subfield>
    <subfield code="w">2021-10-18</subfield>
    <subfield code="y">BK</subfield>
  </datafield>
  <datafield tag="999" ind1=" " ind2=" ">
    <subfield code="c">26742</subfield>
    <subfield code="d">26742</subfield>
  </datafield>
  <controlfield tag="003">BDDh-ASL</controlfield>
  <controlfield tag="005">20231015030659.0</controlfield>
  <controlfield tag="008">211018s1901    ii ||||| |||| 00| 0 u   d</controlfield>
  <datafield tag="040" ind1=" " ind2=" ">
    <subfield code="a">BDDh-ASL</subfield>
    <subfield code="c">BDDh-ASL</subfield>
  </datafield>
  <datafield tag="082" ind1=" " ind2=" ">
    <subfield code="a">297.3</subfield>
    <subfield code="b">BAT </subfield>
  </datafield>
  <datafield tag="100" ind1="1" ind2=" ">
    <subfield code="9">5141</subfield>
    <subfield code="a">Bakhsh, Maulavi Mohamamd Khuda </subfield>
  </datafield>
  <datafield tag="245" ind1="1" ind2="0">
    <subfield code="a">Tahqiq-e Haq Fi Tardid-e Na Haq : / &#x62A;&#x62D;&#x642;&#x64A;&#x642; &#x62D;&#x642; &#x641;&#x6CC; &#x62A;&#x631;&#x62F;&#x64A;&#x62F; &#x646;&#x627; &#x62D;&#x642;</subfield>
  </datafield>
  <datafield tag="260" ind1=" " ind2=" ">
    <subfield code="a">Lucknow : </subfield>
    <subfield code="b">Ali Mohammad Khan , </subfield>
    <subfield code="c">1901. </subfield>
  </datafield>
  <datafield tag="300" ind1=" " ind2=" ">
    <subfield code="a">24 p. : </subfield>
    <subfield code="c">25 cm. </subfield>
  </datafield>
  <datafield tag="650" ind1=" " ind2="0">
    <subfield code="9">5142</subfield>
    <subfield code="a"> Islamic Discourse </subfield>
  </datafield>
  <datafield tag="942" ind1=" " ind2=" ">
    <subfield code="2">ddc</subfield>
    <subfield code="c">BK</subfield>
  </datafield>
</record>
